| 000 | 00955cam a22002294a 4500 | ||
|---|---|---|---|
| 008 | 020417s2001 su g 000 0 ara d | ||
| 082 | 0 | 4 |
_a301.427 _2 21 _bغ ر ا |
| 100 | 1 |
_aغراي، جون. _933085 |
|
| 245 | 1 |
_aالرجال من المريخ، النساء من الزهرة : _b دليل عملي لتحسين الاتصال و الحصول على ما ترغب في علاقاتك / _c جون غراي ؛ ترجمة حمود الشريف. |
|
| 246 | 3 | 4 | _aMen are from mars women are from venus |
| 250 | _aط. 2. | ||
| 260 |
_aالرياض : _b مكتبة جرير، _c2007. |
||
| 300 |
_a402 ص. ؛ _c 21 سم. |
||
| 500 | _aط. 1. | ||
| 650 | 1 | 4 |
_aالزواج. _933086 |
| 650 | 1 | 4 |
_aالنجاح الشخصي. _923916 |
| 650 | 1 | 4 |
_aالعلاقات الأسرية. _917077 |
| 650 | 1 | 4 |
_aالمشاكل الاجتماعية. _933087 |
| 653 |
_bAra _cApril2013 |
||
| 700 | 1 |
_aالشريف، حمود _e مترجم. _933088 |
|
| 942 |
_2ddc _cBB |
||
| 999 |
_c17435 _d17407 |
||